Asymmetries of information and LDC borrowing with sovereign risk
Guardado en:
| Autor principal: | |
|---|---|
| Formato: | Libro |
| Lenguaje: | inglés |
| Publicado: |
New Haven
Yale University
1984
|
| Colección: | Center Paper
no. 356 |
| Etiquetas: |
Sin Etiquetas, Sea el primero en etiquetar este registro!
|
MARC
| LEADER | 00000nam a2200000 4500 | ||
|---|---|---|---|
| 001 | c108594 | ||
| 005 | 20220404113335.4 | ||
| 041 | 0 | |a eng | |
| 044 | |a US | ||
| 245 | 1 | 0 | |a Asymmetries of information and LDC borrowing with sovereign risk |c Kenneth Kletzer |
| 264 | 1 | |a New Haven |b Yale University |c 1984 | |
| 300 | |a S. 288-308 | ||
| 490 | 1 | |a Center Paper |v no. 356 | |
| 830 | 0 | |a Center Paper |v no. 356 | |
| 100 | 1 | |a Kletzer, Kenneth | |